000 01449nam a2200361 i 4500
001 000015514
003 DO-SdBNP
005 20241126125455.0
007 ta
008 100211s2000 dr 000 0 spa d
040 _aDO-SdBNP
_bspa
_cBNPHU
_erda
041 _hspa
082 4 _aRD868.3
_bB697m
_222
100 1 _aBonó, Pedro Francisco,
_d1828-1906
_eautor
_4aut.
_91351
245 1 3 _aEl montero ;
_bEpistolario /
_cPedro Francisco Bonó ; estudio preliminar y notas, Raymundo González ; edición, Andrés Blanco Díaz
264 4 _aSanto Domingo :
_bEditora Corripio,
_c2000.
300 _a365 páginas ;
_c24 cm.
336 _atexto
_btxt
_2rdacontent
337 _asin mediación
_bn
_2rdamedia
338 _avolumen
_bn
_2rdacarrier
490 0 _aBiblioteca de Clásicos Dominicanos
_v31
500 _aIncluye referencias bibliográficas y notas al pie de las páginas
501 _aPublicado con: Epistolario
563 _aDos obras encuadernadas juntas con paginación continua.
590 _aInventariado, 2024/BT
600 1 4 _aBonó, Pedro Francisco,
_d1828-1906
_xCrítica e interpretación
_935042
600 1 4 _aBonó, Pedro Francisco,
_d1828-1906
_xcorrespondencia, memorias, etc.
_935043
700 1 _aBonó, Pedro Francisco,
_d1828-1906
_tEpistolario
_935044
700 1 _aGonzález, Raymundo
_96373
700 1 _aBlanco Díaz, Andrés,
_eeditor
_4ed.
_9172
910 _aValidado. Control de calidad MMOLINA
942 _2ddc
_cLBS1
999 _c15070
_d15070